The palace guard (Record no. 616231)
[ view plain ]
| 000 -LEADER | |
|---|---|
| fixed length control field | 01098pam a2200337 4500 |
| 001 - CONTROL NUMBER | |
| control field | 788069 |
| 005 - DATE AND TIME OF LATEST TRANSACTION | |
| control field | 20260216162755.0 |
| 008 - FIXED-LENGTH DATA ELEMENTS--GENERAL INFORMATION | |
| fixed length control field | 740606s1974 nyuc 001 0deng |
| 010 ## - LIBRARY OF CONGRESS CONTROL NUMBER | |
| LC control number | 74004855 |
| 020 ## - INTERNATIONAL STANDARD BOOK NUMBER | |
| International Standard Book Number | 006013514X |
| 035 ## - SYSTEM CONTROL NUMBER | |
| System control number | 788069 |
| 040 ## - CATALOGING SOURCE | |
| Original cataloging agency | DLC |
| Transcribing agency | DLC |
| Modifying agency | DLC |
| 043 ## - GEOGRAPHIC AREA CODE | |
| Geographic area code | n-us--- |
| 050 00 - LIBRARY OF CONGRESS CALL NUMBER | |
| Classification number | E855 |
| Item number | .R37 1974 |
| 082 00 - DEWEY DECIMAL CLASSIFICATION NUMBER | |
| Classification number | 320.9730924 |
| Author Mark | RAT |
| 100 1# - MAIN ENTRY--PERSONAL NAME | |
| Personal name | Rather, Dan. |
| 9 (RLIN) | 133270 |
| 245 14 - TITLE STATEMENT | |
| Title | The palace guard |
| Statement of responsibility, etc. | [by] Dan Rather and Gary Paul Gates. |
| 250 ## - EDITION STATEMENT | |
| Edition statement | [1st ed.] |
| 260 ## - PUBLICATION, DISTRIBUTION, ETC. | |
| Place of publication, distribution, etc. | New York, |
| Name of publisher, distributor, etc. | Harper & Row |
| Date of publication, distribution, etc. | [1974] |
| 300 ## - PHYSICAL DESCRIPTION | |
| Extent | ix, 326 p. |
| Other physical details | ports. |
| Dimensions | 24 cm. |
| 336 ## - CONTENT TYPE | |
| Content type term | text |
| Content type code | txt |
| Source | rdacontent |
| 337 ## - MEDIA TYPE | |
| Media type term | unmediated |
| Media type code | n |
| Source | rdamedia |
| 338 ## - CARRIER TYPE | |
| Carrier type term | volume |
| Carrier type code | nc |
| Source | rdacarrier |
| 650 #0 - SUBJECT ADDED ENTRY--TOPICAL TERM | |
| Topical term or geographic name entry element | Presidents |
| Geographic subdivision | United States |
| General subdivision | Staff. |
| 9 (RLIN) | 97300 |
| 650 #0 - SUBJECT ADDED ENTRY--TOPICAL TERM | |
| Topical term or geographic name entry element | Cabinet officers |
| Geographic subdivision | United States. |
| 9 (RLIN) | 133271 |
| 651 #0 - SUBJECT ADDED ENTRY--GEOGRAPHIC NAME | |
| Geographic name | United States |
| General subdivision | Politics and government |
| Chronological subdivision | 1969-1974. |
| 9 (RLIN) | 133272 |
| 700 1# - ADDED ENTRY--PERSONAL NAME | |
| Personal name | Gates, Gary Paul, |
| Relator term | joint author. |
| 9 (RLIN) | 133273 |
| 906 ## - LOCAL DATA ELEMENT F, LDF (RLIN) | |
| a | 7 |
| b | cbc |
| c | orignew |
| d | 1 |
| e | ocip |
| f | 19 |
| g | y-gencatlg |
| 942 ## - ADDED ENTRY ELEMENTS (KOHA) | |
| Source of classification or shelving scheme | |
| Koha item type | Book |
| Withdrawn status | Lost status | Source of classification or shelving scheme | Damaged status | Not for loan | Permanent Location | Current Location | Date acquired | Source of acquisition | Total Checkouts | Full call number | Barcode | Date last seen | Price effective from | Koha item type |
|---|---|---|---|---|---|---|---|---|---|---|---|---|---|---|
| NUST Law School (NLS) | NUST Law School (NLS) | 02/16/2026 | Donated by Mr. Salahuddin Khan Advocate Supreme Court of Pakistan | 320.9730924 RAT | NLSD-579 | 02/16/2026 | 02/16/2026 | Book |
